000 00442nam a2200169Ia 4500
003 OSt
005 20220422123643.0
008 211109s9999||||xx |||||||||||||| ||und||
040 _csbcl
082 _a494.8125
_bRAJ-K
100 _aRajaraja Varma, A R
245 0 _aKerala Panineeyam
260 _bD c Books
_aKottayam
_c1896
630 _xGeneral Stack
650 _aMalayalam Language
_vMalayalam GrammarLanguage
_xGeneralia
942 _cBOOK
999 _c33635
_d33635